书目信息 |
| 题名: |
出租爸爸
|
|
| 作者: | 邓燕婷 著 | |
| 分册: | ||
| 出版信息: | 太原 山西人民出版社 2010.05 |
|
| 页数: | 257页 | |
| 开本: | 23cm | |
| 丛书名: | ||
| 单 册: | ||
| 中图分类: | I247.57 | |
| 科图分类: | ||
| 主题词: | 长篇小说--中国--现代 | |
| 电子资源: | ||
| ISBN: | 978-7-203-06761-0 | |
| 000 | 00619nam0 2200229 450 | |
| 001 | 1241422550 | |
| 005 | 20120213113100.23 | |
| 010 | @a978-7-203-06761-0@dCNY26.80 | |
| 100 | @a20100621d2010 y0chiy0110 ea | |
| 101 | 0 | @achi |
| 102 | @aCN@b140000 | |
| 105 | @ay z 000ay | |
| 200 | 1 | @a出租爸爸@9chu zu ba ba@f邓燕婷著 |
| 210 | @a太原@c山西人民出版社@d2010.05 | |
| 215 | @a257页@d23cm | |
| 312 | @a封面英文题名:Rental dad | |
| 510 | 1 | @aRental dad@zeng |
| 606 | 0 | @a长篇小说@y中国@z现代 |
| 690 | @aI247.57@v4 | |
| 701 | 0 | @a邓燕婷@9Deng Yan Ting@4著 |
| 801 | 0 | @aCN@bSG02@c20100621 |
| 905 | @aZUCC@dI247.57@eD336 | |
| 出租爸爸/邓燕婷著.-太原:山西人民出版社,2010.05 |
| 257页;23cm |
| ISBN 978-7-203-06761-0:CNY26.80 |
| ● |
| 相关链接 |
|
|
|
正题名:出租爸爸
索取号:I247.57/D336
 
预约/预借
| 序号 | 登录号 | 条形码 | 馆藏地/架位号 | 状态 | 备注 |
| 1 | 482963 | 204829631 | 文学库108/108文学库 27排4列3层/ [索取号:I247.57/D336] | 在馆 | |
| 2 | 482964 | 204829640 | 文学库108/108文学库 47排4列4层/ [索取号:I247.57/D336] | 在馆 | |
| 3 | 482965 | 204829659 | 文学库108/108文学库 47排4列4层/ [索取号:I247.57/D336] | 在馆 |